Visualizzazione normale
Vista MARC
- Bach Johann Sebastian
di Personal Name
Records bibliografici associati: 1
001 - CONTROL NUMBER
- control field: 6036
003 - CONTROL NUMBER IDENTIFIER
- control field: IT-RoPau
005 - DATE AND TIME OF LATEST TRANSACTION
- control field: 20131218170441.0
008 - FIXED-LENGTH DATA ELEMENTS
- fixed length control field: 131218|| aca||aabn | a|a d
040 ## - CATALOGING SOURCE
- Original cataloging agency: IT-RoPau
- Transcribing agency: IT-RoPau
100 ## - HEADING--PERSONAL NAME
- Personal name: Bach Johann Sebastian
- Miscellaneous information: Codice autore musica SPICS: 9695
- Relator term: Autore musica
- Name of part/section of a work: Air Aus Der suite D-Dur
670 ## - SOURCE DATA FOUND
- Source citation: Work cat.: (IT-RoPau)103944: AA.VV. 794, Festliches Trompetenkonzert (Lp 6.22073)